[Event "FIDE Grand Prix - Terza tappa"]
[Site "Berlino"]
[Date "22.03.2022"]
[Round "1A"]
[White "Esipenko,A"]
[Black "Oparin,G"]
[Result "1/2-1/2"]
[WhiteElo "2723"]
[BlackElo "2674"]
[EventDate "2022.03.21"]

1. d4 Nf6 2. c4 e6 3. Nf3 d5 4. g3 Be7 5. Bg2 O-O 6. O-O dxc4 7. Qa4 a6 8.
Qxc4 b5 9. Qc2 Bb7 10. Bd2 Be4 11. Qc1 c6 12. a4 Nbd7 13. Nc3 Bg6 14. Nh4
Bh5 15. h3 Rc8 16. axb5 cxb5 17. Qd1 b4 18. Na4 Rc4 19. Bc1 Nb6 20. Nxb6
Qxb6 21. g4 Bg6 22. Nxg6 hxg6 23. Qd3 Qxd4 24. Qxd4 Rxd4 25. Rxa6 Rc8 26.
g5 Nh7 27. Be3 Rdc4 28. b3 Rc3 29. h4 Rxb3 30. Ra7 Bd6 31. Rd1 Be5 32. Rb7
Nf8 33. Rb5 f6 34. Bc5 Rc3 35. Bxb4 Rb3 36. Rc5 Rb8 37. Ba5 Rb1 38. Rxb1
Rxb1+ 39. Bf1 Nd7 40. Rc6 Kf7 41. e3 Ra1 42. Bd2 Ra2 43. Bc1 Ra7 44. f4 Rc7
45. Bb5 Rxc6 46. Bxc6 Nb8 47. Bb5 Bd6 48. Kg2 Ke7 49. Kf3 Nd7 50. e4 Bb4
51. Bb2 Nc5 52. Bc4 Nb7 53. Bd3 Kf7 54. Bd4 Nd6 55. Bf2 f5 56. exf5 1/2-1/2

[Event "FIDE Grand Prix - Terza tappa"]
[Site "Berlino"]
[Date "22.03.2022"]
[Round "1B"]
[White "Keymer,V"]
[Black "Mamedyarov,S"]
[Result "1/2-1/2"]
[WhiteElo "2655"]
[BlackElo "2776"]
[EventDate "2022.03.21"]

1. Nf3 Nf6 2. c4 e6 3. Nc3 d5 4. e3 Be7 5. b3 O-O 6. Bb2 c5 7. cxd5 Nxd5 8.
Qc2 Nc6 9. a3 Bd7 10. Be2 Rc8 11. O-O Bf6 12. Nxd5 Bxb2 13. Qxb2 exd5 14.
Qc3 b6 15. d4 Qf6 16. Rac1 cxd4 17. Nxd4 Nxd4 18. Qxd4 Qxd4 19. exd4 Rxc1
20. Rxc1 Rc8 21. Rxc8+ Bxc8 22. h4 h6 23. Kh2 g5 24. Kg3 Kg7 25. f4 Kg6 26.
Bd3+ f5 27. hxg5 hxg5 28. Bb5 Be6 29. Be8+ Kf6 30. b4 Ke7 31. Bb5 Kf6 32.
Bc6 Kg6 33. Be8+ Kf6 34. Bh5 g4 35. Be8 Bf7 36. Bc6 Kg6 37. Bb7 Kf6 38. Ba6
Be8 39. Kh4 Kg6 40. Kg3 Kf6 41. Kf2 Ke6 42. Bc8+ Kf6 43. Bb7 Bf7 44. Ba6
Be8 45. Bb7 1/2-1/2

[Event "FIDE Grand Prix - Terza tappa"]
[Site "Berlino"]
[Date "22.03.2022"]
[Round "1B"]
[White "Dubov,D"]
[Black "Dominguez,L"]
[Result "0-1"]
[WhiteElo "2711"]
[BlackElo "2756"]
[EventDate "2022.03.21"]

1. d4 Nf6 2. c4 e6 3. Nc3 Bb4 4. e3 O-O 5. Bd3 d5 6. Nf3 dxc4 7. Bxc4 c5 8.
O-O cxd4 9. exd4 b6 10. Qe2 Bb7 11. Rd1 h6 12. a3 Bxc3 13. bxc3 Nbd7 14.
Bd3 Nd5 15. Bd2 Qc7 16. Qe4 N5f6 17. Qh4 Bxf3 18. gxf3 Qc6 19. Qg3 Nh5 20.
Qh3 Ndf6 21. Kh1 Rfd8 22. Rg1 Kf8 23. Rae1 Rac8 24. Rg2 g5 25. Rgg1 Ke7 26.
Be4 Qd6 27. d5 Kf8 28. dxe6 Qxd2 29. e7+ Kxe7 30. Bf5+ Kf8 31. Bxc8 Kg7 32.
Bg4 Nf4 33. Qf1 Qxc3 34. Re3 Qc2 35. h4 Rd2 36. Qc1 Nd3 37. Qxc2 Nxf2+ 38.
Kg2 Rxc2 39. Kg3 N2xg4 40. fxg4 Rc4 41. hxg5 hxg5 42. Kh3 Nd5 43. Rf3 Rc2
44. Kg3 Nf4 45. Rxf4 gxf4+ 46. Kxf4 Rc3 47. Ra1 Rc4+ 48. Kg5 Ra4 49. Kh5
Ra5+ 50. Kh4 Kg6 51. Rc1 Rxa3 52. Rc6+ f6 0-1

[Event "FIDE Grand Prix - Terza tappa"]
[Site "Berlino"]
[Date "22.03.2022"]
[Round "1C"]
[White "Shankland,S"]
[Black "So,W"]
[Result "1/2-1/2"]
[WhiteElo "2704"]
[BlackElo "2778"]
[EventDate "2022.03.21"]

1. d4 Nf6 2. c4 e6 3. Nc3 Bb4 4. Qc2 O-O 5. a3 Bxc3+ 6. Qxc3 d5 7. Bg5 c5
8. dxc5 d4 9. Qf3 Nbd7 10. e3 h6 11. Bxf6 Nxf6 12. Ne2 d3 13. Nc3 e5 14. h3
Be6 15. Rd1 Bxc4 16. Bxd3 Bxd3 17. e4 Qa5 18. Rxd3 Qxc5 19. O-O Rad8 20.
Rfd1 Rxd3 21. Rxd3 Qb6 22. Qe2 Rd8 23. Nd5 Qe6 24. Qd1 Nxd5 25. Rxd5 Rc8
26. h4 Qc6 27. g3 Qc2 28. Qxc2 Rxc2 29. Rb5 b6 30. Rxe5 Rxb2 31. Re8+ Kh7
32. Re7 f6 33. Rxa7 h5 34. Kg2 b5 35. Ra5 Kg6 36. Kf3 b4 37. axb4 Rxb4 38.
Kf4 Rb2 39. f3 Rb1 40. Rd5 Ra1 41. Rd6 Re1 42. Rd8 Ra1 43. Rh8 Rh1 44. g4
Rxh4 45. Rxh5 Rxh5 46. gxh5+ Kxh5 47. Kf5 Kh4 48. f4 g5 49. e5 gxf4 50.
Kxf4 fxe5+ 51. Kxe5 1/2-1/2

[Event "FIDE Grand Prix - Terza tappa"]
[Site "Berlino"]
[Date "22.03.2022"]
[Round "1C"]
[White "Predke,A"]
[Black "Vachier Lagrave,M"]
[Result "1-0"]
[WhiteElo "2682"]
[BlackElo "2761"]
[EventDate "2022.03.21"]

1. Nf3 c5 2. c4 Nc6 3. d4 cxd4 4. Nxd4 Nf6 5. Nc3 e6 6. g3 Qb6 7. Ndb5 Ne5
8. Bf4 Nfg4 9. e3 a6 10. Qa4 g5 11. Bxe5 Nxe5 12. O-O-O Rb8 13. Nd4 Bg7 14.
Qc2 O-O 15. g4 Nxg4 16. h4 gxh4 17. Rxh4 f5 18. Be2 Nf6 19. e4 Nxe4 20.
Nxe4 Bxd4 21. Rg1+ Kf7 22. c5 Qb4 23. a3 1-0

[Event "FIDE Grand Prix - Terza tappa"]
[Site "Berlino"]
[Date "22.03.2022"]
[Round "1D"]
[White "Giri,A"]
[Black "Yu Yangyi"]
[Result "1/2-1/2"]
[WhiteElo "2771"]
[BlackElo "2713"]
[EventDate "2022.03.21"]

1. e4 e5 2. Nf3 Nf6 3. d4 Nxe4 4. Bd3 Nc6 5. Nxe5 Nxe5 6. dxe5 Nc5 7. Bc4
d6 8. Qf3 Ne6 9. Be3 dxe5 10. Nd2 Bd6 11. O-O-O O-O 12. Ne4 Qe7 13. Rhe1
Bd7 14. Nxd6 cxd6 15. Qxb7 Rac8 16. Bd5 a5 17. Qb6 a4 18. Be4 Qh4 19. f3 a3
20. Qxd6 axb2+ 21. Kb1 Bb5 22. Qxe5 Bc4 23. Qa5 Rfe8 24. g3 Qe7 25. h4 Rb8
26. h5 Rb5 27. Qa4 Rc8 28. Bd3 Rb4 29. Qa3 Qb7 30. c3 Bxd3+ 31. Rxd3 Rb5
32. h6 1/2-1/2

[Event "FIDE Grand Prix - Terza tappa"]
[Site "Berlino"]
[Date "22.03.2022"]
[Round "1D"]
[White "Vitiugov,N"]
[Black "Tabatabaei,M"]
[Result "1-0"]
[WhiteElo "2726"]
[BlackElo "2623"]
[EventDate "2022.03.21"]

1. e4 e5 2. Nf3 Nc6 3. Bb5 a6 4. Ba4 Nf6 5. O-O Nxe4 6. d4 b5 7. Bb3 d5 8.
dxe5 Be6 9. Qe2 Be7 10. Rd1 O-O 11. c3 Qd7 12. Nbd2 Nxd2 13. Qxd2 Rad8 14.
a4 f6 15. axb5 axb5 16. exf6 Bxf6 17. Qe2 Rfe8 18. Bg5 d4 19. Qxb5 Bxg5 20.
Bxe6+ Qxe6 21. Nxg5 Qd5 22. Qxd5+ Rxd5 23. Nf3 d3 24. b4 Ne5 25. Nd2 Ng4
26. Nb3 Ne5 27. h3 Nc4 28. Nd2 Nxd2 29. Rxd2 Re6 30. Ra5 Rd7 31. f3 Re1+
32. Kf2 Rc1 33. Rc5 Kf7 34. Rc4 g6 35. h4 h5 36. Rd4 Rxd4 37. cxd4 Rc4 38.
Ke3 Rxb4 39. Kxd3 Rb1 40. Rc2 Rh1 41. Rxc7+ Kf6 42. Rc6+ Kf7 43. Ke4 Rxh4+
44. Ke5 Rh2 45. Rc7+ Ke8 46. g4 Rg2 47. Kf4 Rd2 48. Rc4 Rd3 49. Ke4 Rd1 50.
d5 h4 51. Rc7 Kf8 52. Rh7 Rh1 53. d6 Ke8 54. Ke5 Re1+ 55. Kf6 Rf1 56. Kxg6
Rxf3 57. Rxh4 Kd7 58. g5 Kxd6 59. Re4 Rf1 60. Kg7 Rf2 61. g6 Rf1 62. Kg8
Rg1 63. g7 Kd5 64. Rh4 1-0

[Event "FIDE Grand Prix - Terza tappa"]
[Site "Berlino"]
[Date "23.03.2022"]
[Round "2A"]
[White "Aronian,L"]
[Black "Oparin,G"]
[Result "1/2-1/2"]
[WhiteTitle ""]
[BlackTitle ""]
[WhiteElo "2785"]
[BlackElo "2674"]
[WhiteFideId "13300474"]
[BlackFideId "24125890"]
[EventDate "2022.03.22"]

1. e4 e5 2. Nf3 Nc6 3. Bc4 Nf6 4. d3 Bc5 5. O-O d6 6. c3 h6 7. Re1 O-O 8. Nbd2
Bb6 9. h3 Ne7 10. d4 Nc6 11. a4 a5 12. Ra3 exd4 13. cxd4 Nxd4 14. Nxd4 Bxd4 15.
Rd3 Be5 16. Nf3 Qe7 17. Nh4 Nd5 18. Qh5 Nf6 19. Ng6 Nxh5 20. Nxe7+ Kh7 21. g4
Nf4 22. Bxf4 Bxf4 23. Nd5 Be6 24. Nxf4 Bxc4 25. Rc3 b5 26. Rd1 Ra7 27. b3 Be6
28. axb5 Rb8 29. e5 Rxb5 30. Nxe6 fxe6 31. exd6 cxd6 32. Rxd6 Rab7 33. Rdd3 e5
34. Kg2 e4 35. Re3 h5 36. gxh5 Rg5+ 37. Kf1 Rgb5 38. Ke2 Kh6 39. Rg3 Rxh5 40.
Rc4 Re5 1/2-1/2

[Event "FIDE Grand Prix - Terza tappa"]
[Site "Berlino"]
[Date "23.03.2022"]
[Round "2B"]
[White "Dubov,D"]
[Black "Mamedyarov,S"]
[Result "1/2-1/2"]
[WhiteTitle ""]
[BlackTitle ""]
[WhiteElo "2711"]
[BlackElo "2776"]
[WhiteFideId "24126055"]
[BlackFideId "13401319"]
[EventDate "2022.03.22"]

1. e4 e5 2. Nf3 Nc6 3. Bc4 Bc5 4. Nc3 Nf6 5. d3 h6 6. h3 d6 7. Na4 Bb6 8. c3 O-O
9. O-O Re8 10. b4 Be6 11. Bxe6 Rxe6 12. Rb1 Ne7 13. c4 c6 14. c5 Bc7 15. cxd6
Bxd6 16. Nc5 Bxc5 17. bxc5 b5 18. Bb2 Ng6 19. Qc2 Qe8 20. Rfe1 Rd8 21. Re3 Re7
22. Bc3 Red7 23. Ba5 Rc8 24. Bc3 Rcd8 25. Ba5 Rc8 26. Bc3 Rcd8 1/2-1/2

[Event "FIDE Grand Prix - Terza tappa"]
[Site "Berlino"]
[Date "23.03.2022"]
[Round "2B"]
[White "Dominguez,L"]
[Black "Keymer,V"]
[Result "1/2-1/2"]
[WhiteTitle ""]
[BlackTitle ""]
[WhiteElo "2756"]
[BlackElo "2655"]
[WhiteFideId "3503240"]
[BlackFideId "12940690"]
[EventDate "2022.03.22"]

1. e4 e5 2. Nf3 Nc6 3. Bb5 a6 4. Ba4 Nf6 5. O-O Bc5 6. c3 b5 7. Bb3 d6 8. d4 Bb6
9. Be3 O-O 10. Nbd2 h6 11. h3 Re8 12. Re1 exd4 13. cxd4 Nb4 14. Qe2 c5 15. a3 c4
16. axb4 cxb3 17. Qd3 Nxe4 18. Bxh6 Bf5 19. Rxe4 Rxe4 20. Nxe4 d5 21. Bg5 Qd7
22. Nc5 Bxc5 23. Qxb3 Bf8 24. Ne5 Qe6 25. Re1 Rc8 26. Bd2 Bc2 27. Qg3 Bd6 28.
Qa3 Be4 29. f3 Bf5 30. Nc4 Qg6 31. Nxd6 Qxd6 32. Qe3 Qg6 33. g4 Bd7 34. Qf4 Re8
35. Rxe8+ Bxe8 36. h4 Qe6 37. Be3 Kh7 38. h5 f5 39. Kh2 fxg4 40. fxg4 Bd7 41.
Kg3 Kg8 42. Qf3 Bc8 43. Kh3 Kh7 44. Bd2 Qf6 45. Qxf6 gxf6 46. Kh4 Kg7 47. Kg3
Be6 48. Kf4 Kf8 49. g5 Kg7 50. Be1 Bf7 51. Kg4 Be6+ 52. Kf4 Bf7 53. Bh4 Bxh5 54.
gxf6+ Kf7 55. Ke5 Bf3 56. Kd6 Be4 57. Kc6 Ke6 58. Kb6 Bg6 59. Kxa6 Be8 60. Kb6
Kf7 61. Kc7 Ke6 62. Bg5 Bh5 63. Kd8 Bg6 64. Bh4 Bh5 65. Kc7 Be8 66. Kb7 Bh5 67.
Kb6 Be8 68. Kc5 Bd7 69. Bg5 Be8 70. Kb6 Kf7 71. Bh4 Ke6 72. Ka7 Bg6 73. Ka6 Be8
74. Kb6 Kf7 75. Kc5 Ke6 76. f7 Kxf7 77. Kd6 Kf8 78. Be7+ Kf7 79. Bg5 Kf8 80.
Kxd5 1/2-1/2

[Event "FIDE Grand Prix - Terza tappa"]
[Site "Berlino"]
[Date "23.03.2022"]
[Round "2C"]
[White "Predke,A"]
[Black "So,W"]
[Result "1/2-1/2"]
[WhiteTitle ""]
[BlackTitle ""]
[WhiteElo "2682"]
[BlackElo "2778"]
[WhiteFideId "24107581"]
[BlackFideId "5202213"]
[EventDate "2022.03.22"]

1. e4 e5 2. Nf3 Nc6 3. Bc4 Bc5 4. O-O Nf6 5. d3 d6 6. c3 a6 7. a4 O-O 8. h3 Ba7
9. Nbd2 Re8 10. b4 Be6 11. Bxe6 Rxe6 12. Qc2 h6 13. Rd1 Qd7 14. Nf1 d5 15. Bd2
Rd8 16. exd5 Nxd5 17. b5 Nce7 18. c4 Nf6 19. Bc3 Ng6 20. d4 exd4 21. Bxd4 Bxd4
22. Nxd4 Rd6 23. Ne3 Qe8 24. Nef5 R6d7 25. bxa6 c5 26. Re1 Qf8 27. Nf3 bxa6 28.
Rab1 Rb8 29. Qc3 Rxb1 30. Rxb1 Qd8 31. Qe3 Rd1+ 1/2-1/2

[Event "FIDE Grand Prix - Terza tappa"]
[Site "Berlino"]
[Date "23.03.2022"]
[Round "2C"]
[White "Vachier-Lagrave,M"]
[Black "Shankland,S"]
[Result "1/2-1/2"]
[WhiteTitle ""]
[BlackTitle ""]
[WhiteElo "2761"]
[BlackElo "2704"]
[WhiteFideId "623539"]
[BlackFideId "2004887"]
[EventDate "2022.03.22"]

1. e4 e5 2. Nf3 Nc6 3. Bb5 Nf6 4. O-O Nxe4 5. d4 Nd6 6. Bxc6 dxc6 7. dxe5 Nf5 8.
Qxd8+ Kxd8 9. h3 Bd7 10. Rd1 Kc8 11. g4 Ne7 12. Ng5 Be8 13. f4 f5 14. exf6 gxf6
15. Ne6 Bd7 16. Nxf8 Rxf8 17. f5 h5 18. Kf2 c5 19. Nc3 b6 20. Bf4 Rf7 21. Rd3
hxg4 22. hxg4 Rg7 23. Rad1 Bc6 24. Rd8+ Kb7 25. Rxa8 Rxg4 26. Rdd8 Rxf4+ 27. Ke1
Nxf5 28. Rab8+ Ka6 29. Ne2 Re4 30. Kd2 Nd6 31. b3 Rh4 32. Rh8 Rxh8 33. Rxh8 Kb7
34. Nf4 a5 35. Rh7 Kc8 36. Rh8+ 1/2-1/2

[Event "FIDE Grand Prix - Terza tappa"]
[Site "Berlino"]
[Date "23.03.2022"]
[Round "2D"]
[White "Vitiugov,N"]
[Black "Yu Yangyi"]
[Result "1/2-1/2"]
[WhiteTitle ""]
[BlackTitle ""]
[WhiteElo "2726"]
[BlackElo "2713"]
[WhiteFideId "4152956"]
[BlackFideId "8603820"]
[EventDate "2022.03.22"]

1. e4 c5 2. Nf3 d6 3. Bb5+ Bd7 4. Bxd7+ Nxd7 5. O-O Ngf6 6. Qe2 e6 7. b3 Be7 8.
Bb2 O-O 9. c4 Rc8 10. Rd1 a6 11. d4 cxd4 12. Nxd4 Qa5 13. Nc3 Rc7 14. Qd2 Qh5
15. Re1 Rfc8 16. Rad1 Bf8 17. h3 g6 18. Re2 Bg7 19. Nf3 Rc6 20. Nd4 R6c7 21. Nf3
Rc6 22. Nd4 R6c7 1/2-1/2

[Event "FIDE Grand Prix - Terza tappa"]
[Site "Berlino"]
[Date "23.03.2022"]
[Round "2D"]
[White "Tabatabaei,M"]
[Black "Giri,A"]
[Result "1/2-1/2"]
[WhiteTitle ""]
[BlackTitle ""]
[WhiteElo "2623"]
[BlackElo "2771"]
[WhiteFideId "12521213"]
[BlackFideId "24116068"]
[EventDate "2022.03.22"]

1. d4 d5 2. c4 c6 3. Nf3 Nf6 4. Nc3 a6 5. cxd5 cxd5 6. Bf4 Nc6 7. e3 Bg4 8. h3
Bxf3 9. Qxf3 e6 10. Bd3 Bd6 11. Bg5 Nb4 12. Bb1 Be7 13. O-O O-O 14. a3 Nc6 15.
Bd3 Ne8 16. Bf4 Bd6 17. Rac1 Qf6 18. Bxd6 Qxf3 19. gxf3 Nxd6 20. Na4 Rfd8 21.
Rc3 g6 22. Rfc1 e5 23. dxe5 Nxe5 24. Be2 d4 25. Rc5 d3 26. Rxe5 dxe2 27. Nc3 Nc4
28. Re4 Nxb2 29. Nxe2 b5 30. Re7 Nc4 31. a4 Kf8 32. Rc7 Nd2 33. axb5 Nxf3+ 34.
Kg2 Nh4+ 35. Kf1 axb5 36. Nd4 Rdb8 37. Rb1 Rb6 38. Rc5 b4 39. Rc4 Ra4 40. Nc2
Nf3 41. Rcxb4 Rbxb4 42. Rxb4 Ra2 43. Kg2 1/2-1/2

[Event "FIDE Grand Prix - Terza tappa"]
[Site "Berlino"]
[Date "24.03.2022"]
[Round "3A"]
[White "Esipenko,Andrey"]
[Black "Aronian,L"]
[Result "1/2-1/2"]
[WhiteElo "2723"]
[BlackElo "2785"]
[EventDate "2022.03.21"]

1. e4 e5 2. Nf3 Nc6 3. Bb5 Nf6 4. d3 Bc5 5. c3 d5 6. exd5 Qxd5 7. Bc4 Qd6
8. Nbd2 O-O 9. b4 Bb6 10. O-O Bf5 11. Qc2 Rad8 12. Ne4 Nxe4 13. dxe4 Bg4
14. Qe2 Qg6 15. a4 a6 16. h3 Bxh3 17. Bg5 h6 18. gxh3 hxg5 19. Kh2 g4 20.
Nh4 Qg5 21. Qxg4 Qxg4 22. hxg4 Rd2 23. Kg2 Rfd8 24. Nf3 Rc2 25. Rac1 Rb2
26. a5 Be3 27. Rb1 Rxb1 28. Rxb1 Bf4 29. Bd5 Rd6 30. b5 Nxa5 31. Ra1 c6 32.
Rxa5 cxd5 33. bxa6 Rxa6 1/2-1/2

[Event "FIDE Grand Prix - Terza tappa"]
[Site "Berlino"]
[Date "24.03.2022"]
[Round "3B"]
[White "Mamedyarov,S"]
[Black "Dominguez Perez,L"]
[Result "1/2-1/2"]
[WhiteElo "2776"]
[BlackElo "2756"]
[EventDate "2022.03.21"]

1. d4 Nf6 2. c4 e6 3. Nf3 d5 4. Nc3 Bb4 5. Bg5 h6 6. Bxf6 Qxf6 7. e3 O-O 8.
Rc1 dxc4 9. Bxc4 c5 10. O-O cxd4 11. Ne4 Qe7 12. a3 Ba5 13. exd4 Rd8 14.
Ba2 Bd7 15. Qc2 Bc6 16. b4 Bb6 17. Rfe1 a5 18. h4 Bxe4 19. Rxe4 Nd7 20. d5
e5 21. Rce1 axb4 22. Nxe5 Nxe5 23. Rxe5 Qf6 24. d6 Rac8 25. Qe2 Rxd6 26.
axb4 Rf8 27. g3 g6 28. Kg2 Kg7 29. Re7 Rd4 30. Qb2 Bd8 31. R7e5 Bb6 1/2-1/2

[Event "FIDE Grand Prix - Terza tappa"]
[Site "Berlino"]
[Date "24.03.2022"]
[Round "3B"]
[White "Keymer,Vincent"]
[Black "Dubov,Daniil"]
[Result "1-0"]
[WhiteElo "2655"]
[BlackElo "2711"]
[EventDate "2022.03.21"]

1. d4 Nf6 2. c4 e6 3. Nf3 d5 4. Nc3 dxc4 5. e4 b5 6. e5 Nd5 7. Nxb5 Nb6 8.
Be2 Be7 9. Be3 Bb7 10. Qc2 O-O 11. Rd1 N8d7 12. Nc3 Qb8 13. O-O c5 14. Bg5
Qe8 15. Bf4 Rc8 16. Bg3 Nd5 17. Ne4 Nb4 18. Qb1 Nd3 19. Ned2 Bxf3 20. Nxf3
Nb6 21. b3 Nd5 22. bxc4 N3f4 23. Bd3 Rb8 24. Bxh7+ Kh8 25. Qc2 Nb4 26. Qd2
Kxh7 27. Qxf4 cxd4 28. Rxd4 Nxa2 29. Bh4 f6 30. exf6 Bxf6 31. Bxf6 Rxf6 32.
Qg3 Rh6 33. Rfd1 Rc8 34. Ng5+ Kg8 35. Qa3 e5 36. Rd7 Rh5 37. h4 1-0

[Event "FIDE Grand Prix - Terza tappa"]
[Site "Berlino"]
[Date "24.03.2022"]
[Round "3C"]
[White "So,W"]
[Black "Vachier Lagrave,M"]
[Result "1/2-1/2"]
[WhiteElo "2778"]
[BlackElo "2761"]
[EventDate "2022.03.21"]

1. d4 Nf6 2. c4 g6 3. Nc3 d5 4. Bg5 Bg7 5. Nf3 Ne4 6. Bf4 O-O 7. e3 c5 8.
cxd5 Bf5 9. Be5 Nxc3 10. bxc3 Qxd5 11. Qb3 Qxb3 12. axb3 cxd4 13. Bxg7 Kxg7
14. exd4 Nd7 15. Kd2 Rfd8 16. Bd3 Bxd3 17. Kxd3 e5 18. Rhe1 exd4 19. Nxd4
a6 20. Kc2 Rac8 21. Rad1 Kf8 22. Nf3 Nc5 23. Rxd8+ Rxd8 24. b4 Ne6 25. g3
b5 26. Ne5 Rd6 27. Nd3 Rc6 28. f4 h5 29. Kb3 f6 30. Rf1 Ke7 31. f5 gxf5 32.
Rxf5 h4 33. gxh4 Rc4 34. Rh5 Re4 35. Nc5 Nxc5+ 36. bxc5 Rc4 37. Rh7+
1/2-1/2

[Event "FIDE Grand Prix - Terza tappa"]
[Site "Berlino"]
[Date "24.03.2022"]
[Round "3C"]
[White "Shankland,S"]
[Black "Predke,A"]
[Result "1/2-1/2"]
[WhiteElo "2704"]
[BlackElo "2682"]
[EventDate "2022.03.21"]

1. c4 e6 2. Nc3 d5 3. d4 Nf6 4. cxd5 exd5 5. Bg5 c6 6. Qc2 h6 7. Bh4 Be7 8.
e3 O-O 9. Bd3 Re8 10. Nge2 a5 11. O-O Na6 12. a3 Nc7 13. h3 Ne6 14. Kh1 b6
15. Rad1 Ba6 16. Ng1 Bxd3 17. Qxd3 Nd7 18. Bxe7 Qxe7 19. Nf3 b5 20. Rc1 Nb6
21. Ne5 Qd6 22. Qf5 Nd8 23. Nd3 Nc4 24. a4 b4 25. Nb1 b3 26. Rfd1 g6 27.
Qf3 Ne6 28. h4 Rac8 29. Nd2 Nxd2 30. Rxd2 c5 31. dxc5 Nxc5 32. Nxc5 Rxc5
33. Rxc5 Qxc5 34. Qxd5 Qxd5 35. Rxd5 Rc8 36. Rb5 Rc2 37. Rxb3 Rxf2 38. Rb5
Re2 39. Kg1 h5 40. Kf1 Rc2 41. b3 Rb2 42. Kg1 Kg7 43. Kh2 f6 44. Kg3 Kh6
45. Kf3 g5 46. g4 hxg4+ 47. Kxg4 Rg2+ 48. Kf3 Rb2 49. hxg5+ fxg5 50. Rxa5
Rxb3 51. Ra8 g4+ 52. Kf4 Rb4+ 53. Kf5 Kg7 54. Ra7+ Kg8 55. Ra6 g3 56. a5 g2
57. Rg6+ Kf7 1/2-1/2

[Event "FIDE Grand Prix - Terza tappa"]
[Site "Berlino"]
[Date "24.03.2022"]
[Round "3D"]
[White "Yu Yangyi"]
[Black "Tabatabaei,M"]
[Result "1/2-1/2"]
[WhiteElo "2713"]
[BlackElo "2623"]
[EventDate "2022.03.21"]

1. c4 e6 2. Nc3 d5 3. d4 Nf6 4. Bg5 Be7 5. e3 O-O 6. Nf3 h6 7. Bh4 b6 8.
Be2 Bb7 9. Bxf6 Bxf6 10. cxd5 exd5 11. O-O Qd6 12. Rc1 a6 13. Bd3 Re8 14.
Re1 Nd7 15. e4 dxe4 16. Nxe4 Qf4 17. g3 Qg4 18. Rxc7 Bxe4 19. Bxe4 Rxe4 20.
Rxe4 Qxe4 21. Rxd7 Qe6 22. Ne5 Re8 23. b3 Bxe5 24. dxe5 Qxe5 25. Qf3 Qe6
26. Rb7 g6 27. Kg2 h5 28. h4 a5 29. Rc7 Rc8 30. Rxc8+ Qxc8 1/2-1/2

[Event "FIDE Grand Prix - Terza tappa"]
[Site "Berlino"]
[Date "24.03.2022"]
[Round "3D"]
[White "Giri,A"]
[Black "Vitiugov,N"]
[Result "1/2-1/2"]
[WhiteElo "2771"]
[BlackElo "2726"]
[EventDate "2022.03.21"]

1. e4 c5 2. Nf3 e6 3. d4 cxd4 4. Nxd4 a6 5. Bd3 Bc5 6. Nb3 Ba7 7. Qe2 Ne7
8. Be3 O-O 9. Bxa7 Rxa7 10. e5 Nbc6 11. Nc3 d6 12. exd6 Qxd6 13. O-O-O Qf4+
14. Kb1 b5 15. g3 Qe5 16. Be4 Qc7 17. f4 Na5 18. Nxa5 Qxa5 19. Qh5 f5 20.
Bf3 Rc7 21. Ne2 e5 22. fxe5 Be6 23. Nc1 Rfc8 24. Nb3 Bxb3 25. cxb3 Rc2 26.
Qg5 Rxb2+ 27. Kxb2 Qc3+ 28. Kb1 Qc2+ 29. Ka1 Qc3+ 30. Kb1 Qc2+ 1/2-1/2

[Event "FIDE Grand Prix - Terza tappa"]
[Site "Berlino"]
[Date "25.03.2022"]
[Round "4A"]
[White "Oparin,G"]
[Black "Esipenko,A"]
[Result "1-0"]
[WhiteElo "2674"]
[BlackElo "2723"]
[EventDate "2022.03.21"]

1. d4 Nf6 2. c4 e6 3. Nc3 Bb4 4. e3 O-O 5. Bd3 d5 6. cxd5 exd5 7. a3 Bd6 8.
Qc2 c6 9. Nge2 Re8 10. Bd2 c5 11. dxc5 Bxc5 12. Nb5 Bb6 13. Bc3 Nc6 14. O-O
Ne5 15. Nf4 a6 16. Nd4 Nxd3 17. Qxd3 Ne4 18. Nde2 Nxc3 19. Qxc3 Bg4 20. h3
Bxe2 21. Nxe2 Qd6 22. Rfd1 Rad8 23. Rd3 Rd7 24. Rad1 Qc6 25. Qb4 Red8 26.
Nc3 Bc5 27. Qg4 Bb6 28. R1d2 Ba5 29. b4 Bb6 30. Qd1 d4 31. exd4 a5 32. d5
Qd6 33. Ne4 Qe7 34. Re2 axb4 35. d6 Qe6 36. Rd5 Qg6 37. axb4 f5 38. Nc5
Rxd6 39. Rxd6 Rxd6 40. Qb3+ Kh8 41. Nxb7 Rc6 42. Nc5 Bxc5 43. bxc5 h6 44.
Qd5 Kh7 45. Re5 Rf6 46. Kh2 Qg5 47. Qd4 Qc1 48. Rd5 Rf7 49. Qe5 Qc2 50. f3
Qa4 51. Rd6 Qa5 52. f4 Qb5 53. Re6 Qc4 54. c6 Qc2 55. Rd6 Qa4 56. h4 h5 57.
Qe3 Qc4 58. Qf3 g6 59. Qe3 Qa4 60. Qd4 1-0

[Event "FIDE Grand Prix - Terza tappa"]
[Site "Berlino"]
[Date "25.03.2022"]
[Round "4B"]
[White "Mamedyarov,S"]
[Black "Keymer,V"]
[Result "1-0"]
[WhiteElo "2776"]
[BlackElo "2655"]
[EventDate "2022.03.21"]

1. c4 Nf6 2. Nc3 e5 3. Nf3 Nc6 4. g3 Bb4 5. Bg2 O-O 6. O-O e4 7. Nh4 Bxc3
8. bxc3 d6 9. d4 h6 10. f3 g5 11. fxe4 gxh4 12. Bxh6 Ng4 13. Qd2 hxg3 14.
h3 Qh4 15. Bxf8 Kxf8 16. Qf4 Qh7 17. Qxg3 Nh6 18. c5 Qg7 19. Qxg7+ Kxg7 20.
cxd6 cxd6 21. Rab1 Na5 22. Rb5 Nc4 23. Rg5+ Kf8 24. Rh5 Kg7 25. Rg5+ Kf8
26. Rf4 Ng8 27. Bf3 Bd7 28. Bh5 Be8 29. e5 dxe5 30. dxe5 Rc8 31. e6 Nd6 32.
Rd5 Rc4 33. Rxc4 Nxc4 34. exf7 Bxf7 35. Bxf7 Kxf7 36. Rd7+ Ne7 37. Rxb7 a5
38. Rc7 Nd6 39. Ra7 Nc4 40. Rc7 Nd6 41. a4 Ne4 42. Rc4 Ng5 43. h4 Ne6 44.
Kf2 Nf5 45. h5 Nd6 46. Rg4 Nf5 47. Kf3 Kf6 48. Rg6+ Kf7 49. Ke4 Ne7 50. Rg4
Kf6 51. h6 Ng5+ 52. Kd3 Ng6 53. Kd4 Nf7 54. h7 Kg7 55. Kc5 Kxh7 56. Kb5
Nge5 57. Rg1 Nd6+ 58. Kxa5 Ne4 59. Kb4 Nc6+ 60. Kc4 Na5+ 61. Kb5 Nb3 62.
Kb4 Nbc5 63. a5 1-0

[Event "FIDE Grand Prix - Terza tappa"]
[Site "Berlino"]
[Date "25.03.2022"]
[Round "4B"]
[White "Dominguez,L"]
[Black "Dubov,D"]
[Result "1/2-1/2"]
[WhiteElo "2756"]
[BlackElo "2711"]
[EventDate "2022.03.21"]

1. e4 e5 2. Nf3 Nc6 3. Bc4 Nf6 4. d3 Be7 5. Nc3 d6 6. a4 O-O 7. O-O Be6 8.
Nd5 Bxd5 9. exd5 Nb4 10. d4 Nbxd5 11. dxe5 dxe5 12. Nxe5 c6 13. Re1 Qc7 14.
g3 Rfe8 15. Nd3 Bd6 16. Rxe8+ Rxe8 17. Bd2 Ne4 18. Bxd5 cxd5 19. Be3 a5 20.
c3 Qc4 21. Bd4 Ng5 22. Qg4 h6 23. f4 Ne6 24. Re1 Re7 25. Be5 Bc5+ 26. Nxc5
Qxc5+ 27. Kg2 Qc6 28. Kg1 Qb6+ 29. Kf1 Qa6+ 30. Kg1 h5 31. Qe2 Qb6+ 32. Kf1
Nc5 33. Qxh5 Qa6+ 34. Qe2 Qe6 35. Qb5 Ne4 36. Kg2 Nd2 37. Qd3 Nb3 38. Re3
Qc6 39. Qb5 Nc5 40. Qxc6 bxc6 41. Bd4 Rxe3 42. Bxe3 Nxa4 43. b4 axb4 44.
cxb4 Nc3 45. f5 f6 46. g4 Kf7 47. h4 Ne4 48. Kf3 Nd6 49. Kf4 Ne4 50. Kf3
Nd6 51. Bf4 Ne4 52. Ke3 Ke7 53. Kd4 Kf7 54. Bc1 Nf2 55. g5 fxg5 56. Bxg5 g6
57. fxg6+ Kxg6 58. Be3 Ne4 59. Ke5 Nc3 60. Bd2 Na2 61. Kf4 Kh5 62. Kg3 d4
1/2-1/2

[Event "FIDE Grand Prix - Terza tappa"]
[Site "Berlino"]
[Date "25.03.2022"]
[Round "4C"]
[White "So,W"]
[Black "Shankland,S"]
[Result "1/2-1/2"]
[WhiteElo "2778"]
[BlackElo "2704"]
[EventDate "2022.03.21"]

1. d4 Nf6 2. c4 g6 3. g3 c6 4. Bg2 d5 5. cxd5 cxd5 6. Nc3 Bg7 7. Nf3 O-O 8.
Ne5 Bf5 9. Bf4 Qb6 10. Qb3 Nc6 11. Qxb6 axb6 12. e3 Ra5 13. O-O h6 14. h4
Rfa8 15. Rac1 e6 16. Bf3 g5 17. hxg5 hxg5 18. Nxc6 bxc6 19. Bxg5 c5 20.
dxc5 bxc5 21. Rfd1 Bg4 22. Kg2 Bxf3+ 23. Kxf3 Nd7 24. Be7 Bxc3 25. Rxc3
Rxa2 26. Bxc5 Nxc5 27. Rxc5 Rxb2 28. Rcc1 Raa2 29. Rf1 Kg7 30. Rb1 Rxb1
1/2-1/2